Normal view
MARC view
Entry Topical Term
001 - CONTROL NUMBER
- control field: 246009
003 - CONTROL NUMBER IDENTIFIER
- control field: OSt
005 - DATE AND TIME OF LATEST TRANSACTION
- control field: 20251117161614.0
008 - FIXED-LENGTH DATA ELEMENTS
- fixed length control field: 251117|| aca||aabn | a|a d
040 ## - CATALOGING SOURCE
- Original cataloging agency: OSt
- Transcribing agency: OSt
150 ## - HEADING--TOPICAL TERM
- Topical term or geographic name entry element: Kannada Prose
670 ## - SOURCE DATA FOUND
- Source citation: Work cat.: (OSt)139250: NAGABHUSHANA (D S) ನಾಗಭೂಷಣ (ಡಿ ಎಸ್) 246003, Idu bharata: Samajavadi sankathanagalu -2, 2008